Представление документа в формате MARC21

Поле Инд. ПП Название Значение
Тип записи a
Библиографический уровень b
001 Контрольный номер RU/IS/BASE/325012836
005 Дата корректировки 20200610181707.6
008 Кодируемые данные 20100419
040 b Код языка каталог. rus
e Правила каталог. PSBO
041 0_ a Код языка текста rus
084 a Индекс другой классификации/Индекс ББК 83.01; 83.3(0)5-118
100 1_ a Автор Шахбаз С. А. С.
q Полное имя Шахбаз Самир Абдель Салям
245 10 a Заглавие Художественные функции ритма в поэтическом произведении
504 a Библиография Библиогр.: с. 148
520 0_ a Аннотация В статье, посвященной роли ритма в поэтическом произведении, рассматриваются вопросы об участии ритма в создании поэтических образов и связи ритмической организации стихотворения и художественного замысла поэта. На основе анализа материала английской и американской поэзии XVIII - XIX вв. выделяются две художественные функции ритма: "живописная" и собственно эстетическая. В статье также показано, как один и тот же ритмический параметр (спондей или рефрен) может соотноситься с различным художественным содержанием, используясь в разных стихотворениях
650 04 a Основная рубрика история литературы
a Основная рубрика литературоведение
a Основная рубрика теория литературы; поэтика
a Основная рубрика филологические науки
653 0_ a Ключевые слова XIX век
a Ключевые слова XVIII век
a Ключевые слова американская литература
a Ключевые слова английская литература
a Ключевые слова Великобритания
a Ключевые слова поэзия
a Ключевые слова поэтическая речь
a Ключевые слова рефрены
a Ключевые слова ритм
a Ключевые слова ритмика стиха
a Ключевые слова спондей
a Ключевые слова стихотворения
a Ключевые слова стихотворный размер
a Ключевые слова стихотворный ритм
a Ключевые слова США
a Ключевые слова функции ритма
773 08 t Заглавие источника Вестник Московского университета. Серия 9, Филология
d Дата издания источника 2009
g Прочая информация № 4. - С. 135 - 148
w Контрольный № источника RU/IS/BASE/321796379
901 t Тип документа b